The creation (Record no. 7228)

MARC details
000 -LEADER
fixed length control field 00464nam a2200169Ia 4500
003 - CONTROL NUMBER IDENTIFIER
control field IN-BaIIA
008 - FIXED-LENGTH DATA ELEMENTS--GENERAL INFORMATION
fixed length control field 211028s9999 xx 000 0 eng d
020 ## - INTERNATIONAL STANDARD BOOK NUMBER
International Standard Book Number 0-7167-1350-0
040 ## - CATALOGING SOURCE
Transcribing agency IIA Library
080 ## - UNIVERSAL DECIMAL CLASSIFICATION NUMBER
Universal Decimal Classification number 524.85
Item number ATK
100 ## - MAIN ENTRY--PERSONAL NAME
Personal name Atkins, P. W.
9 (RLIN) 12377
245 #4 - TITLE STATEMENT
Title The creation
Statement of responsibility, etc. Atkins P. W.
260 ## - PUBLICATION, DISTRIBUTION, ETC.
Place of publication, distribution, etc. Oxford
Name of publisher, distributor, etc. W. H. Freeman
Date of publication, distribution, etc. 1981
300 ## - PHYSICAL DESCRIPTION
Extent viii, 132p.
650 ## - SUBJECT ADDED ENTRY--TOPICAL TERM
Topical term or geographic name entry element Cosmogony
9 (RLIN) 1160
942 ## - ADDED ENTRY ELEMENTS (KOHA)
Koha item type Books
Holdings
Withdrawn status Lost status Damaged status Not for loan Home library Current library Shelving location Date acquired Total Checkouts Full call number Barcode Date last seen Price effective from Koha item type Purchase Price
        IIA Library-Bangalore IIA Library-Bangalore General Stacks 08/12/1982   524.85/ ATK 8028 05/11/2021 08/12/1982 Books £ 5.95

Powered by Koha